000 00329nam a2200145Ia 4500
008 230718s9999 xx 000 0 und d
041 _aEng.
082 _a346.02
_bSIN-L
100 _aSingl Avtar
245 0 _aLaw of Contract
260 _aPakistan
_bMansor book hauge
_c2005
300 _a620
650 _aLaw
999 _c29408
_d29408